Analýza recipročných vzťahov medzi sociálnou pedagogikou a sociálnou andragogikou

Miesto sociálnej pedagogiky a sociálnej andragogiky v systéme vied a spoločnosti. Historické východiská pre vznik a vývoj sociálnej pedagogiky. Prístupy k definíciám sociálnej pedagogiky, jej význam a poslanie. Ponímanie pojmu sociálna pedagogika. Všeobecná charakteristika, systém a význam sociálnej...

Descrizione completa

Salvato in:
Dettagli Bibliografici
Autore principale: Határ, Ctibor
Natura: Capitolo di libro
Lingua:slovacco
Soggetti:
Tags: Aggiungi Tag
Nessun Tag, puoi essere il primo ad aggiungerne!!

MARC

LEADER 00000naa$a2200000$$$4500
001 0036769
005 20230918125216.4
041 0 |a slo 
044 |a SK 
245 1 0 |a Analýza recipročných vzťahov medzi sociálnou pedagogikou a sociálnou andragogikou  |c Ctibor Határ 
520 |a Miesto sociálnej pedagogiky a sociálnej andragogiky v systéme vied a spoločnosti. Historické východiská pre vznik a vývoj sociálnej pedagogiky. Prístupy k definíciám sociálnej pedagogiky, jej význam a poslanie. Ponímanie pojmu sociálna pedagogika. Všeobecná charakteristika, systém a význam sociálnej andragogiky. Teoreticko-metodologické základy sociálnej andragogiky. Recipročné vzťahy medzi sociálnou pedagogikou a sociánou andragogikou. 
610 2 0 |a pedagogika 
610 2 0 |a andragogika 
610 2 0 |a metodológia 
610 2 0 |a spoločnosť 
610 2 0 |a vedomie sociálne 
610 2 0 |a výchova 
610 2 0 |a pojmy 
610 2 0 |a terminológia 
100 1 |a Határ, Ctibor